| 000 | 02530nam0a2200349 4500 | ||
|---|---|---|---|
| 001 | RU\NLR\bibl\1398484 | ||
| 005 | 20250615203251.0 | ||
| 010 |
_a978-5-17-058074-3 _bАСТ |
||
| 010 |
_a978-5-403-00883-9 _bАСТ МОСКВА _94000 |
||
| 021 |
_aRU _b2009-44090 _92678 |
||
| 035 | _a(nilc)IZD\AST\2007\910265 | ||
| 035 | _aRSL-KNO-004337792 | ||
| 035 | _a(NLR Aleph) 001390500 | ||
| 090 |
_a1159054 _c1159054 |
||
| 100 | _a20090508d2009 |||y0rusy50 ca | ||
| 101 | 1 |
_arus _ceng |
|
| 102 | _aRU | ||
| 105 | _ay z ||||| | ||
| 200 | 1 |
_aЧерные корабли _e[роман] _fДжо Грэм _g[пер. с англ. И. Майгуровой] |
|
| 210 |
_aМосква _cАСТ _cАСТ МОСКВА _d2009 |
||
| 215 |
_a382, [1] с. _d21 |
||
| 330 | _aПала легендарная Троя, и лишь немногие ее обитатели сумели избежать гибели или позорного плена и спастись на девяти кораблях. Смелый мореплаватель и мужественный воин Эней и его верные сподвижники - кормчий Ксандр и прорицательница Чайка - ведут уцелевших троянцев в неизвестность... Позади - горе и слезы, дымящиеся руины Трои, потери родных и друзей. Впереди - новые страны и бесчисленные приключения. Энея и его людей не ждут нигде - ни в землях богатых финикийцев, ни в государстве воинственных хеттов, ни в царстве солнечного Ра - могущественном Египте. Троянцы готовы служить любому государю, которому нужны опытные воины, и вынуждены в жестоких сражениях добывать себе хлеб. Будет ли этому конец? Где найдут изгнанники новую родину? И сколько крови прольют за нее?.. | ||
| 686 |
_aШ5(7США)62-644.6 _2rubbk |
||
| 686 | _aШ6(7США)67-446{Лх1979-60} | ||
| 700 | 1 |
_aГрэм _bД. _gДжо _4070 |
|
| 801 | 0 |
_aRU _bЛИБНЕТ _c20090508 |
|
| 801 | 1 |
_aRU _bЦУНБ Москва _c20090526 _2rusmarc |
|
| 801 | 2 |
_aRU _bNLR _c20090806 _grcr |
|
| 830 | _aCODE_OF_LIBNET\000027505 | ||
| 942 | _cBOOK | ||
| 980 | _aNB | ||